00281nam a2200109Ia 4500008004100000041000800041082002100049100001800070245003600088260003800124300000900162230411s9999 xx 000 0 und d aeng aX/150/CHA/B04702 aChandorkar AG aArt of Being a Winning Students bParas PublishingaHyderabadc2003 a231p